000 00206 a2200097 4500
001 38270
100 _aDeeprose D
245 _aThe team coach
260 _aNew York
_bAmacon
_c1995
090 _c24327
_d24327
942 _aNUST-CAE
_cM
_c15922
999 _c273343
_d273343